000 00495nam a2200181Ia 4500
008 240925s9999 xx 000 0 und d
020 _a8129712032
082 _a658.40352 BAN
100 _aBanks, Jerry; Carson ,John S.; Nelson ,L. Barry
245 0 _aDiscrete-Event System Simulation
250 _a4th
260 _aSingapore:
_bPearson education
_c,2005.
300 _axiv,647p.
_bNA
_fOriginal
500 _aIncludes Index
600 _aManagement
650 _aManagement
942 _cBK
999 _c9191
_d9191